[Event "Pardubice KB op"]
[Site "Pardubice"]
[Date "1996.??.??"]
[Round "1"]
[White "Hala, Martin"]
[Black "Sandor, Christian"]
[Result "0-1"]
[WhiteElo "2110"]
[BlackElo "2350"]
[PlyCount "90"]
[EventDate "1996.07.??"]
[EventType "swiss"]
[EventRounds "9"]
[EventCountry "CZE"]
[SourceTitle "CBM 055 Extra"]
[Source "ChessBase"]
[SourceDate "1997.01.01"]
[SourceVersion "1"]
[SourceVersionDate "1997.01.01"]
[SourceQuality "1"]

1. e4 e5 2. Nf3 Nc6 3. Bb5 a6 4. Ba4 Nf6 5. 0-0 Nxe4 6. d4 b5 7. Bb3 d5 8. dxe5 Be6 9. c3 Bc5 10. Nbd2 0-0 11. Bc2 Nxf2 12. Rxf2 f6 13. exf6 Bxf2+ 14. Kxf2 Qxf6 15. Nf1 Ne5 16. Be3 Rae8 17. Bc5 Nxf3 18. gxf3 Rf7 19. Kg1 Qxf3 20. Qxf3 Rxf3 21. Re1 Kf7 22. Ng3 g6 23. Rf1 Rxf1+ 24. Nxf1 d4 25. Bxd4 Bxa2 26. Ne3 Ke6 27. Kf2 Kd6 28. b4 a5 29. bxa5 Ra8 30. Bd3 Rxa5 31. Ng4 c5 32. Be5+ Kd5 33. Bc7 Ra7 34. Ne3+ Kc6 35. Be5 Be6 36. Be4+ Kb6 37. Nd5+ Bxd5 38. Bxd5 Re7 39. Bf6 Rd7 40. c4 Ka5 41. Bc3+ Ka4 42. Be6 Rd6 43. Bg8 b4 44. Be5 Rd7 45. Bd5 Ka3 0-1

[Event "Budapest FS05 IM"]
[Site "Budapest"]
[Date "1996.??.??"]
[Round "5"]
[White "Hennig, Dirk"]
[Black "Sandor, Christian"]
[Result "1/2-1/2"]
[WhiteElo "2355"]
[BlackElo "2380"]
[PlyCount "20"]
[EventDate "1996.05.??"]
[EventType "tourn"]
[EventRounds "13"]
[EventCountry "HUN"]
[EventCategory "3"]
[SourceTitle "CBM 052 Extra"]
[Source "ChessBase"]
[SourceDate "1996.07.01"]
[SourceVersion "1"]
[SourceVersionDate "1996.07.01"]
[SourceQuality "1"]

1. c4 c5 2. g3 g6 3. Bg2 Bg7 4. Nc3 Nc6 5. e3 e6 6. Nge2 Nge7 7. 0-0 0-0 8. d4 cxd4 9. Nxd4 Nxd4 10. exd4 d5 1/2-1/2

[Event "Balatonbereny IM-A"]
[Site "Balatonbereny"]
[Date "1996.??.??"]
[Round "3"]
[White "Holzmann, Herbert"]
[Black "Sandor, Christian"]
[Result "1/2-1/2"]
[WhiteElo "2230"]
[BlackElo "2380"]
[PlyCount "75"]
[EventDate "1996.06.13"]
[EventType "tourn"]
[EventRounds "11"]
[EventCountry "HUN"]
[EventCategory "5"]
[SourceTitle "CBM 053 Extra"]
[Source "ChessBase"]
[SourceDate "1996.09.01"]
[SourceVersion "1"]
[SourceVersionDate "1996.09.01"]
[SourceQuality "1"]

1. e4 e5 2. Nf3 Nc6 3. Bb5 a6 4. Ba4 Nf6 5. 0-0 Nxe4 6. d4 b5 7. Bb3 d5 8. dxe5 Be6 9. Nbd2 Nc5 10. c3 d4 11. Bxe6 Nxe6 12. Nb3 dxc3 13. Qc2 Nb4 14. Qxc3 Qd3 15. a4 Rb8 16. axb5 axb5 17. Nbd4 Qxc3 18. bxc3 Nd5 19. Nc6 Rb6 20. c4 bxc4 21. Rd1 Kd7 22. Na5 Rb5 23. Nxc4 Be7 24. Ne3 Kc6 25. Nf5 Bc5 26. Be3 Nxe3 27. fxe3 Rb2 28. N3d4+ Bxd4 29. exd4 Nf4 30. d5+ Kd7 31. Ne3 Re2 32. Re1 Rb2 33. Rf1 g5 34. g3 Nh3+ 35. Kh1 Nf2+ 36. Kg1 Nh3+ 37. Kh1 Nf2+ 38. Kg1 1/2-1/2

[Event "AUT-chT2O 9697"]
[Site "Austria"]
[Date "1996.??.??"]
[Round "4"]
[White "Jurek, Josef"]
[Black "Sandor, Christian"]
[Result "1/2-1/2"]
[WhiteElo "2345"]
[BlackElo "2380"]
[PlyCount "60"]
[EventDate "1996.??.??"]
[EventType "team"]
[EventRounds "11"]
[EventCountry "AUT"]
[SourceTitle "EXT 1998"]
[Source "ChessBase"]
[SourceDate "1997.11.17"]
[SourceVersion "1"]
[SourceVersionDate "1997.11.17"]
[SourceQuality "1"]

1. Nf3 c5 2. c4 g6 3. d4 cxd4 4. Nxd4 Nc6 5. e4 Nf6 6. Nc3 d6 7. Be2 Nxd4 8. Qxd4 Bg7 9. Bg5 Qa5 10. Qd2 0-0 11. Rc1 Be6 12. f3 Rfc8 13. b3 a6 14. Nd5 Qxd2+ 15. Kxd2 Nxd5 16. cxd5 Bd7 17. Rc4 f6 18. Be3 f5 19. Rhc1 Rxc4 20. bxc4 Kf7 21. c5 dxc5 22. Rxc5 Be5 23. Rc1 fxe4 24. fxe4 Rc8 25. Rxc8 Bxc8 26. h3 e6 27. Bb6 Ke7 28. Bc4 Bd7 29. Kd3 Kd6 30. dxe6 Bxe6 1/2-1/2

[Event "Budapest FS05 IM"]
[Site "Budapest"]
[Date "1996.??.??"]
[Round "12"]
[White "Midoux, Sebastien"]
[Black "Sandor, Christian"]
[Result "0-1"]
[WhiteElo "2220"]
[BlackElo "2380"]
[PlyCount "74"]
[EventDate "1996.05.??"]
[EventType "tourn"]
[EventRounds "13"]
[EventCountry "HUN"]
[EventCategory "3"]
[SourceTitle "CBM 052 Extra"]
[Source "ChessBase"]
[SourceDate "1996.07.01"]
[SourceVersion "1"]
[SourceVersionDate "1996.07.01"]
[SourceQuality "1"]

1. e4 e5 2. Nf3 Nc6 3. d4 exd4 4. Nxd4 Bc5 5. Nxc6 Qf6 6. Qd2 dxc6 7. Nc3 Be6 8. Na4 Rd8 9. Bd3 Bd4 10. c3 Bxf2+ 11. Qxf2 Rxd3 12. Qxf6 Nxf6 13. Nc5 Rd8 14. Nxb7 Rb8 15. Nc5 Nd7 16. Na6 Rb7 17. b3 Kd8 18. Bg5+ Kc8 19. Bf4 Bg4 20. Kf2 Re8 21. Rhe1 Bh5 22. h3 Re7 23. Nb4 Re6 24. Nd3 Bg6 25. Kf3 Rb8 26. Bh2 Kb7 27. Nf4 Ne5+ 28. Kf2 Re7 29. Nxg6 Nxg6 30. Kf3 Rbe8 31. g4 Nh4+ 32. Kg3 g5 33. Rad1 Rxe4 34. Rxe4 Rxe4 35. Kf2 Kc8 36. Re1 Rxe1 37. Kxe1 Nf3+ 0-1

[Event "Bundesliga 9596"]
[Site "Germany"]
[Date "1996.??.??"]
[Round "?.4"]
[White "Sandor, Christian"]
[Black "Enders, Peter"]
[Result "1-0"]
[WhiteElo "2380"]
[BlackElo "2495"]
[PlyCount "101"]
[EventDate "1995.10.14"]
[EventType "team-tourn"]
[EventRounds "15"]
[EventCountry "GER"]
[SourceTitle "GER-chT"]
[Source "ChessBase"]
[SourceDate "1999.07.01"]
[SourceVersion "1"]
[SourceVersionDate "1999.07.01"]
[SourceQuality "1"]
[WhiteTeam "Muenchen 36"]
[BlackTeam "Duisburg"]
[WhiteTeamCountry "GER"]
[BlackTeamCountry "GER"]

1. e4 e6 2. d4 d5 3. e5 c5 4. c3 Nc6 5. Nf3 Bd7 6. Be2 cxd4 7. cxd4 Nge7 8. Na3 Nf5 9. Nc2 Be7 10. 0-0 0-0 11. g4 Nh4 12. Nxh4 Bxh4 13. f4 f6 14. exf6 Bxf6 15. Be3 g6 16. Qd2 Qb6 17. b3 Rac8 18. Rf3 Rc7 19. Raf1 Rfc8 20. Bd1 a5 21. Rh3 Nb4 22. Nxb4 Qxb4 23. Qf2 Rc3 24. Kh1 Bxd4 25. Qh4 Qb5 26. Qxh7+ Kf8 27. Kg2 Rxe3 28. Rxe3 Bxe3 29. Qh8+ Ke7 30. Qg7+ Kd8 31. Qf6+ Kc7 32. Qe5+ Kb6 33. Qxe3+ Qc5 34. Qxc5+ Kxc5 35. Bc2 Rg8 36. Kg3 Kd6 37. Re1 Be8 38. h4 Rg7 39. Kf3 Rc7 40. Bd3 Bf7 41. Re5 Ke7 42. Rg5 Kf6 43. h5 gxh5 44. gxh5 a4 45. h6 e5 46. Rxe5 axb3 47. axb3 Rc3 48. Rf5+ Ke6 49. h7 Rc8 50. Kg4 Ke7 51. Kg5 1-0

[Event "Balatonbereny IM-A"]
[Site "Balatonbereny"]
[Date "1996.??.??"]
[Round "5"]
[White "Sandor, Christian"]
[Black "Frosch, Erich"]
[Result "0-1"]
[WhiteElo "2380"]
[BlackElo "2275"]
[PlyCount "72"]
[EventDate "1996.06.13"]
[EventType "tourn"]
[EventRounds "11"]
[EventCountry "HUN"]
[EventCategory "5"]
[SourceTitle "CBM 053 Extra"]
[Source "ChessBase"]
[SourceDate "1996.09.01"]
[SourceVersion "1"]
[SourceVersionDate "1996.09.01"]
[SourceQuality "1"]

1. e4 e5 2. Nf3 Nc6 3. d4 exd4 4. Nxd4 Nf6 5. Nxc6 bxc6 6. e5 Qe7 7. Qe2 Nd5 8. c4 Ba6 9. b3 g5 10. Ba3 d6 11. Qe4 Bg7 12. Bb2 Nb4 13. a3 f5 14. Qxf5 Bc8 15. Qe4 d5 16. cxd5 Nxd5 17. Bd3 Bb7 18. 0-0 0-0-0 19. Re1 h5 20. Nc3 Nf4 21. Bf1 Qe6 22. Na4 Bf8 23. Rad1 Be7 24. Qe3 c5 25. Rxd8+ Rxd8 26. f3 Qd5 27. Rc1 Nd3 28. Bxd3 Qxd3 29. Qxd3 Rxd3 30. Rc3 Rd1+ 31. Kf2 Rd2+ 32. Kg3 h4+ 33. Kh3 Bc6 34. Bc1 Bd7+ 35. g4 Bb5 36. Rc4 Bxc4 0-1

[Event "Pardubice KB op"]
[Site "Pardubice"]
[Date "1996.??.??"]
[Round "4"]
[White "Sandor, Christian"]
[Black "Khachiyan, Melikset"]
[Result "0-1"]
[WhiteElo "2350"]
[BlackElo "2480"]
[PlyCount "66"]
[EventDate "1996.07.??"]
[EventType "swiss"]
[EventRounds "9"]
[EventCountry "CZE"]
[SourceTitle "CBM 055 Extra"]
[Source "ChessBase"]
[SourceDate "1997.01.01"]
[SourceVersion "1"]
[SourceVersionDate "1997.01.01"]
[SourceQuality "1"]

1. e4 c5 2. Nf3 d6 3. d4 cxd4 4. Nxd4 Nf6 5. Nc3 Nc6 6. Be3 e5 7. Nf3 Be6 8. Ng5 Be7 9. Nxe6 fxe6 10. Bc4 Qd7 11. 0-0 0-0 12. a3 Rac8 13. Ba2 Kh8 14. Qd3 Rfd8 15. Rad1 Bf8 16. Rd2 Qe8 17. Rfd1 h6 18. Qe2 a6 19. Bb6 Rd7 20. Qf3 Qf7 21. Na4 Qe8 22. Re1 Qe7 23. Qd1 Nd8 24. Ba5 Rc6 25. Nb6 Rdc7 26. Na8 Rc8 27. Nb6 Qc7 28. Re3 Rxb6 29. Rb3 Nd7 30. Rxb6 Nxb6 31. Qf3 Nc6 32. Bxb6 Qxb6 33. Bxe6 Rb8 0-1